Performance theory
Furkejuvvon:
| Váldodahkki: | |
|---|---|
| Materiálatiipa: | Girji |
| Giella: | English |
| Almmustuhtton: |
New York
Routledge
c1988
|
| Ráidu: | UP
991 |
| Fáttát: | |
| Fáddágilkorat: |
Lasit fáddágilkoriid
Eai fáddágilkorat, Lasit vuosttaš fáddágilkora!
|
MARC
| LEADER | 00000nam a22000007a 4500 | ||
|---|---|---|---|
| 007 | ta | ||
| 008 | 140319s1988 nyua|||f |||| 001 0 eng d | ||
| 020 | |a 0415900921 | ||
| 040 | |a cru CIICLA Universidad de Costa Rica | ||
| 082 | |a 792.01 S336p | ||
| 100 | 1 | |a Schechner, Richard |d 1934- | |
| 245 | 1 | 0 | |a Performance theory |c Richard Schechner |
| 260 | |a New York |b Routledge |c c1988 | ||
| 300 | |a 304 páginas |b ilustraciones | ||
| 490 | 0 | |a UP |v 991 | |
| 650 | 1 | 7 | |a TEATRO |
| 942 | |2 ddc |c BK | ||
| 999 | |c 3247 |d 3247 | ||



